Score 0/48 Timer 01:00
5 Plays Today
% Correct
rainbow.
94.9%
rainbow.
94.9%
rainbow.
94.9%
a
94%
a
94%
a
94%
a
94%
a
94%
a
94%
a
94%
I
93.6%
I
93.6%
I
93.6%
reading
93.5%
reading
93.5%
reading
93.5%
in
83.8%
in
83.8%
in
83.7%
book –
81.4%
book –
81.4%
can
76.8%
can
76.8%
can
76.8%
% Correct
it's
76.6%
it's
76.6%
look;
76.5%
look;
76.5%
the
75%
Take
74.6%
Take
74.6%
go
63.4%
go
63.4%
sky,
54.7%
high!
53.4%
as
50.7%
anywhere!
50.7%
Butterfly
48.7%
twice
47.8%
anything!
39.8%
be
37.5%
to
33.2%
to
33.2%
and
26.6%
know,
21%
Friends
16.1%
grow
15%
ways
14%
Remove Ads.
Support Sporcle.
Get the best of Sporcle when you Go Orange. This ad-free experience offers more features, more stats, and more fun while also helping to support Sporcle. Thank you for becoming a member.

You're not logged in!

Compare scores with friends on all Sporcle quizzes.
OR
Log In

Show Comments

Extras

Top Quizzes Today


Score Distribution

Your Account Isn't Verified!

In order to create a playlist on Sporcle, you need to verify the email address you used during registration. Go to your Sporcle Settings to finish the process.

Report this User

Report this user for behavior that violates our Community Guidelines.

Details: